01298cam a22003497a 4500952015000000999001700150001000900167003000400176005001700180008004100197010001700238015001900255016001800274020002500292020002200317035002400339040005200363042001400415050002600429082002400455100002300479245005300502260004900555300002800604490004200632504005100674651003700725700002500762830007000787906004500857942004600902 00102ddc40708HISTORYaMESbMEScHISd2019-02-20g695.00l1m1o954.0359 ROY/Pp35735r2020-01-28 00:00:00s2020-01-07w2019-02-20yBKzGL37R3 c21481d2148117302674OSt20200617152857.0120517s2012 ii b 001 0 eng d a 2012376920 aGBB1D90382bnb7 a0159858932Uk a9780198077602 (hbk.) a0198077602 (hbk.) a(OCoLC)ocn768071508 aUKMGBcoclcdDKAGEdBTCTAdYDXCPdTJCdBWXdDLC alccopycat00aDS480.842b.P382 201204a954.0359223bROY/P 92689aRoy, Kaushik00aPartition of India :bwhy 1947? /c Kaushik Roy. aNew Delhi :bOxford University Press,c2012. axliii, 276 p. ;c23 cm.1 aDebates in Indian history and society aIncludes bibliographical references and index. 0aIndiaxHistoryyPartition, 1947.1 aRoy, Kaushik,d1971- 0aOxford in India readings.pDebates in Indian history and society. a7bcbcccopycatd2encipf20gy-gencatlg 2ddccBKh954.0359iROY/Pk954.0359mROY/P